Statistiques concernant Armes principales lanceurs dans splatoon 1

Cliquez ici pour prendre le quiz!

Statistiques générales

  • Ce quiz a été pris 65 fois
    (61 depuis la dernière actualisation)
  • Le résultat moyen est 11 sur 34

Statistiques - réponses

Noms des armes% Correct
Liquidateur
93%
Liquidateur Jr.
84%
Liquidateur Pro
71%
Liquidateur Sr.
67%
Aérogun
51%
Liquidateur Griffé
51%
Liquidateur Pro Griffé
42%
Aérogun Premium
40%
Calibre 2000
38%
N-ZAP 85
38%
N-ZAP 89
36%
Calibre 3000
33%
Arroseur Lèger
29%
Marqueur Lèger
29%
Marqueur Lourd
29%
Arroseur Lourd
27%
Marqueur Lourd Néo
27%
Nettoyeur XL
27%
N-ZAP 83
27%
Aérogun Select
24%
Calibre 2000 Chic
24%
Calibre 3000 Chic
24%
Liquidateur Wasabi
24%
Marqueur Lèger Néo
24%
Liquidateur Pro Framboise
22%
Lanceur héroïque
20%
Nettoyeur Duo
20%
Nettoyeur XL modifié
20%
Lanceur Octaling
16%
Arroseur Lèger Cétacé
13%
Arroseur Lourd Cerise
13%
Arroseur Lourd Cétacé
13%
Marqueur Lourd 7
13%
Nettoyeur Duo Modifié
13%

Distribution des résultats

Percentile par nombre de réponses

% des personnes avec chaque résultat

Votre développement - résultats

Vous n’avez pas pris ce quiz depuis la dernière actualisation